| 000 | 01094nam a22002657a 4500 | ||
|---|---|---|---|
| 999 |
_c63896 _d63896 |
||
| 005 | 20240530110704.0 | ||
| 008 | 171225s2016 ua a g b 000 0 ara d | ||
| 017 |
_a2015/23839 _bمصر. دار الكتب |
||
| 020 | _a9789777292863 | ||
| 040 |
_aEG-CaGPL _cEG-CaGPL |
||
| 082 | 0 | 4 |
_221 _a328.32\ _bح ر |
| 100 | 0 | _aحسين عثمان محمد عثمان | |
| 245 | 1 | 2 |
_aالرقابة على صحة عضوية البرلمان : _bدراسة مقارنة / _cحسين عثمان محمد عثمان . |
| 250 | _aط.1 | ||
| 260 |
_aالاسكندرية : _bدار الجامعة الجديدة ، _c2016 . |
||
| 300 |
_a443 ص. ؛ _c24 سم. |
||
| 504 | _aببليوجرافية : ص 419 - 434 | ||
| 650 | 0 | 7 |
_2qrmak _aالهيئات التشريعية |
| 650 | 0 | 7 |
_2qrmak _aالهيئات التشريعية _xاعضاء |
| 650 | 0 | 7 |
_2qrmak _aالرقابة البرلمانية |
| 650 | 0 | 7 |
_2qrmak _aالممارسة البرلمانية |
| 651 | 0 | 7 |
_2qrmak _aفرنسا _xالهيئات التشريعية |
| 942 |
_2ddc _cBK |
||